| 000 | 00343cam a22001217a 4500 | ||
|---|---|---|---|
| 008 | 180718b1976 xxu||||| |||| 00| 0 eng d | ||
| 082 | _aB19x54 G959 | ||
| 245 |
_aIndia: a study in futurism _cedited by Shyam Ratna Gupta |
||
| 260 |
_aNew Delhi _bAbhinav _c1976 |
||
| 300 | _a110p. | ||
| 650 | _aFuturology - India. | ||
| 700 | _aGupta, Shyam Ratna | ||
| 999 |
_c345391 _d345391 |
||